Duty : memoirs of a Secretary at war (Record no. 328712)
[ view plain ]
| 000 -LEADER | |
|---|---|
| fixed length control field | 00864nam a22002057a 4500 |
| 003 - CONTROL NUMBER IDENTIFIER | |
| control field | NUST |
| 005 - DATE AND TIME OF LATEST TRANSACTION | |
| control field | 20170414102212.0 |
| 008 - FIXED-LENGTH DATA ELEMENTS--GENERAL INFORMATION | |
| fixed length control field | 160215b xxu||||| |||| 00| 0 eng d |
| 020 ## - INTERNATIONAL STANDARD BOOK NUMBER | |
| International Standard Book Number | 9780307959478 |
| 040 ## - CATALOGING SOURCE | |
| Transcribing agency | Nust |
| 082 ## - DEWEY DECIMAL CLASSIFICATION NUMBER | |
| Classification number | 355.6092 |
| Author Mark | GAT |
| 100 ## - MAIN ENTRY--PERSONAL NAME | |
| 9 (RLIN) | 16416 |
| Personal name | Gates, Robert M. |
| 245 ## - TITLE STATEMENT | |
| Title | Duty : memoirs of a Secretary at war |
| Statement of responsibility, etc. | Gates, Robert Michael |
| 260 ## - PUBLICATION, DISTRIBUTION, ETC. | |
| Place of publication, distribution, etc. | U.K. |
| Name of publisher, distributor, etc. | Random House Group Ltd., |
| Date of publication, distribution, etc. | 2014. |
| 300 ## - PHYSICAL DESCRIPTION | |
| Extent | 618 pages |
| 650 ## - SUBJECT ADDED ENTRY--TOPICAL TERM | |
| 9 (RLIN) | 16417 |
| Topical term or geographic name entry element | Military policy-Decision making |
| General subdivision | General |
| 856 ## - ELECTRONIC LOCATION AND ACCESS | |
| Uniform Resource Identifier | <a href="http://www.amazon.com/Duty/dp/0753555530/ref=sr_1_1?s=books&ie=UTF8&qid=1455523536&sr=1-1&keywords=9780753555538">http://www.amazon.com/Duty/dp/0753555530/ref=sr_1_1?s=books&ie=UTF8&qid=1455523536&sr=1-1&keywords=9780753555538</a> |
| 942 ## - ADDED ENTRY ELEMENTS (KOHA) | |
| Source of classification or shelving scheme | |
| Koha item type | Book |
| Withdrawn status | Lost status | Source of classification or shelving scheme | Damaged status | Not for loan | Permanent Location | Current Location | Shelving location | Date acquired | Total Checkouts | Total Renewals | Full call number | Barcode | Date last seen | Date last checked out | Copy number | Price effective from | Koha item type |
|---|---|---|---|---|---|---|---|---|---|---|---|---|---|---|---|---|---|
| Central Library (CL) | Central Library (CL) | Book Cart | 04/14/2017 | 3 | 2 | 355.6092 GAT | CL2223 | 11/11/2020 | 01/09/2020 | 1 | 04/14/2017 | Book |
